Random European Countries Hidden on the Map - Statistics

General Stats
  • This quiz has been taken 10,530 times
  • The average score is 7 of 10
Answers on the Map
Answers color-coded by a green-red scale on the quiz's map according to % correct below.
 
Answer Stats
Country % Correct
United Kingdom
93%
France
90%
Germany
89%
Italy
88%
Sweden
87%
Norway
85%
Poland
83%
Spain
82%
Russia
81%
Denmark
80%
Iceland
77%
Austria
76%
Ukraine
76%
Croatia
75%
Finland
75%
Romania
75%
Belgium
74%
Netherlands
74%
Slovakia
74%
Czech Republic
73%
Estonia
73%
Latvia
73%
Switzerland
73%
Hungary
72%
Slovenia
72%
Greece
71%
Serbia
71%
Bosnia and Herzegovina
69%
Belarus
68%
Lithuania
68%
Moldova
65%
Bulgaria
64%
Ireland
63%
Kosovo
63%
Albania
62%
Luxembourg
62%
North Macedonia
61%
Portugal
61%
Montenegro
60%
Malta
37%
No matching quizzes found
Score Distribution
Percent of People with Each Score
Percentile by Number Answered
Your Score History
You have not taken this quiz